Inter Milan Trivia - Statistics

General Stats
  • This quiz has been taken 973 times
    564 since last reset
  • The average score is 12 of 15
Answer Stats
Question Answer % Correct
What is the name of Inter Milan’s stadium? Stadio {Giuseppe} {Meazza}
96%
Who is the current head coach of Inter Milan? Simone Inzaghi
92%
With which club does Inter Milan contest the Derby della Madonnina? AC Milan
91%
Which Argentinian holds the record for most Inter Milan appearances with 858? Javier Zanetti
91%
Who was Inter Milan manager in the 2009/10 season, as they became the first Italian club to win the Treble? José Mourinho
90%
Who is Inter Milan’s record signing, arriving from Manchester United for £66.6m in 2019? Romelu Lukaku
88%
Who is Inter Milan’s record sale, joining Chelsea for £101.7m in 2021? Romelu Lukaku
88%
Who is the current Inter Milan captain? Lautaro Martínez
87%
Which Italian is Inter Milan’s all-time record goalscorer with 284? Giuseppe Meazza
81%
In the 2020/21 season, who led Inter Milan to their first Serie A title in 11 years? Antonio Conte
79%
Which Italian tyre manufacturer famously spent 26 years as Inter Milan’s shirt sponsor? Pirelli
77%
What is Inter Milan’s nickname, which translates into English as “The Black and Blues”? I {Nerazzurri}
76%
Who was the only member of Italy’s 2006 FIFA World Cup-winning squad that was an Inter Milan player at the time? Marco Materazzi
72%
What was the nickname given to the Inter Milan of the 1960s that won three Scudetti and two European Cups? {Grande} Inter
41%
Totalling 9 years across two separate spells, who is Inter Milan’s longest-serving manager? Helenio Herrera
39%
No matching quizzes found
Score Distribution
Percent of People with Each Score
Percentile by Number Answered
Your Score History
You have not taken this quiz since the last reset